Historia Antigua: problemas metodológicos
Zapisane w:
| 1. autor: | |
|---|---|
| Format: | Książka |
| Język: | hiszpański |
| Wydane: |
Barcelona
Grijalbo
1986
|
| Seria: | Estudios y Ensayos
|
| Hasła przedmiotowe: | |
| Etykiety: |
Dodaj etykietę
Nie ma etykietki, Dołącz pierwszą etykiete!
|
MARC
| LEADER | 00000nam a2200000 a 4500 | ||
|---|---|---|---|
| 001 | UCP8518 | ||
| 003 | CL-VaPUC | ||
| 005 | 20241107181452.0 | ||
| 008 | 000303e19860000SP |||||||||||||||||spa|d | ||
| 999 | |c 285410 |d 285408 | ||
| 040 | |c Pontificia Universidad Católica de Valparaíso | ||
| 082 | 0 | 4 | |a 907.2 |b FIN |2 21 |
| 100 | 0 | |a Finley, Moses I |e author |9 438551 | |
| 245 | 1 | 0 | |a Historia Antigua: problemas metodológicos |
| 260 | |a Barcelona |b Grijalbo |c 1986 | ||
| 300 | |a 170 p | ||
| 490 | 0 | |a Estudios y Ensayos | |
| 583 | |a last modification |c 20000303 00:00:00 |k Rodrigo Vera | ||
| 650 | 0 | |a Historiografía |9 257871 |x Metodología | |
| 650 | 0 | |a Historia antigua |9 267521 |x Fuentes | |
| 650 | 7 | |a Documentos |2 CL-VaPUC |9 366450 | |
| 942 | |c BK |2 ddc | ||
| 945 | |d 20000303 00:00:00 |a rherrera | ||
| 952 | |0 0 |1 0 |4 0 |6 907_200000000000000_FIN_1986 |7 0 |8 A |9 330028 |a BIBHIS |b BIBHIS |d 2019-11-20 |i 1392174 |o 907.2 FIN 1986 |p 1392174 |r 2025-01-20 |w 2019-11-20 |y BK |k HIS | ||